000 00560nam a22001697a 4500
005 20260218145257.0
008 260218b |||||||| |||| 00| 0 eng d
020 _a9789393875105
040 _cVITAP
082 _223rd Ed.
_a070.43 HIN
100 _aThe Hindu Group
_917059
245 _aThe Hindu Book of Editorials 2022
_b: A Curated Selection
_c/ The Hindu Group
260 _aChennai
_bTHG (The Hindu Group) Publishing Private Limited
_c2025
300 _a352p. : ill. ; 21cm
650 0 _aNewspapers - Editorials - India - 2022
_917106
942 _2ddc
_cREF
999 _c47284
_d47284